Prince peacock

Bibliographic Details
Main Author: Chung, Carole
Format: Book
Published: Petaling Jaya : Penerbit Mega Setia Emas Sdn.Bhd , 2003
Series:Junior steps readers
Subjects:

MARC

LEADER 00000cam a2200000 7i4500
001 0000001380
005 20220105103921.0
020 |a 9831435478 
090 0 0 |a JP   |b ENG (1606) 
100 1 |a Chung, Carole 
245 1 0 |a Prince peacock   |c Carole Chung 
260 |a Petaling Jaya :   |b Penerbit Mega Setia Emas Sdn.Bhd ,   |c 2003 
440 |a Junior steps readers 
500 |a Children age 4-6 years old (yellow) 
650 0 |a Animal fiction 
650 0 |a Junior preschool   |x English   |x Languages 
999 |a 0000966850   |b Book   |c Children Collection   |e Cawangan Bukit Gambir 
999 |a 0000966851   |b Book   |c Children Collection   |e Perbadanan Perpustakaan Awam Johor 
999 |a 0000966854   |b Book   |c Children Collection   |e Perbadanan Perpustakaan Awam Johor